Indagaciones sobre el lenguaje

Saved in:
Bibliografiske detaljer
Hovedforfatter: Ferrater Mora, José (Author)
Format: Bog
Sprog:spansk
Udgivet: Madrid Alianza 1980
Udgivelse:2a. ed
Serier:<El >Libro de Bolsillo. Sección Humanidades, 228
Fag:
Tags: Tilføj Tag
Ingen Tags, Vær først til at tagge denne postø!

MARC

LEADER 00000nam a2200000 a 4500
001 UCT0960
003 CL-VaPUC
008 960913e19800000SP |||||||||||||||||spa|d
082 0 4 |a 407  |b FER  |2 21 
100 0 |a Ferrater Mora, José  |e author  |9 369583 
245 1 0 |a Indagaciones sobre el lenguaje 
250 |a 2a. ed 
300 |a 256 p 
942 |c BK 
945 |d 19960913 00:00:00  |a rleighto 
260 |a Madrid  |b Alianza  |c 1980 
650 0 |a Lenguaje   |9 265069 
650 0 |a Lingüística  |9 265068 
650 0 |a Lenguas  |9 324269 
650 0 |a Filología   |9 321245 
650 0 |a Filosofía del lenguaje  |9 257082 
583 |a last modification  |c 19960913 00:00:00  |k Rodrigo Vera 
490 0 |a <El >Libro de Bolsillo. Sección Humanidades, 228 
999 |c 251641  |d 251639 
952 |0 0  |1 0  |4 0  |6 407_000000000000000_FER_1980  |7 0  |8 ?  |9 270954  |a FDOPOS  |b FDOPOS  |d 2019-11-19  |i 3691330  |o 407 FER 1980  |p 3691330  |r 2019-11-19  |w 2019-11-19  |y BK  |k MLA